Central Library OPAC University of Rajshahi

মৌমাছি ও মৌমাছি পালন / (Record no. 54928)

MARC details
000 -LEADER
fixed length control field 00919nam a2200241 a 4500
001 - CONTROL NUMBER
control field 54928
003 - CONTROL NUMBER IDENTIFIER
rucl marc code BD-RjUL
005 - DATE AND TIME OF LATEST TRANSACTION
control field 20211209080206.0
008 - FIXED-LENGTH DATA ELEMENTS--GENERAL INFORMATION
fixed length control field 161112s2006 bg ||||| |||| 00| 0 ben d
020 ## - INTERNATIONAL STANDARD BOOK NUMBER
International Standard Book Number 9840745212
Terms of availability : Tk.230.00
035 ## - SYSTEM CONTROL NUMBER
System control number (BD-RjUL)55050
040 ## - CATALOGING SOURCE
Original cataloging agency BD-RjUL
Language of cataloging ben
Transcribing agency BD-RjUL
Modifying agency BD-RjUL
041 ## - LANGUAGE CODE
Language code of text/sound track or separate title ben
082 ## - DEWEY DECIMAL CLASSIFICATION NUMBER
Edition number 23
Classification number 638.1
Author mark and year HAM 2006
100 ## - MAIN ENTRY--PERSONAL NAME
Personal name হান্নান, আবদুল
9 (RLIN) 163743
245 10 - TITLE STATEMENT
Title মৌমাছি ও মৌমাছি পালন /
Statement of responsibility, etc. আবদুল হান্নান, ও আনোয়ার হোসেন
260 ## - PUBLICATION, DISTRIBUTION, ETC. (IMPRINT)
Place of publication, distribution, etc. ঢাকা :
Name of publisher, distributor, etc. বাংলা একাডেমী,
Date of publication, distribution, etc. ২০০৬.
300 ## - PHYSICAL DESCRIPTION
Pagination [১০], ২৫২ পৃ. :
Illustrations চিত্র ;
Size ২৩ সেমি.
650 ## - SUBJECT ADDED ENTRY--TOPICAL TERM
Topical term or geographic name as entry element মৌমাছি পালন
9 (RLIN) 163744
Topical term or geographic name as entry element Beekeeping
9 (RLIN) 163745
700 ## - ADDED ENTRY--PERSONAL NAME
Personal name হোসেন, আনোয়ার
942 ## - ADDED ENTRY ELEMENTS (KOHA)
Source of classification or shelving scheme Dewey Decimal Classification
Koha item type Books
Holdings
Lost status Source of classification or shelving scheme Damaged status Not for loan Collection code Permanent Location Current Location Shelving location Date acquired Source of acquisition Cost, normal purchase price Total Checkouts Full call number Date last seen Copy number Koha item type
  Dewey Decimal Classification     Non-fiction Central Library, University of Rajshahi Central Library, University of Rajshahi   06/02/2012 Bangla Academy, Dhaka. 230.00   B 638.1 HAM 2006 12/11/2016 C-2 Books
  Dewey Decimal Classification   Not For Loan Non-fiction Central Library, University of Rajshahi Central Library, University of Rajshahi Reading Room 06/02/2012 Dhaka, Bangla Academy 230.00   B 638.1 HAM 2006 23/04/2017 C-1 Books